I now pronounce you parent. (Record no. 14691)

000 -LEADER
fixed length control field 00604nam a2200193 a 4500
001 - CONTROL NUMBER
control field :::00012524$&:&@@
003 - CONTROL NUMBER IDENTIFIER
control field OkBaRHE
005 - DATE AND TIME OF LATEST TRANSACTION
control field 20000607103420.0
008 - FIXED-LENGTH DATA ELEMENTS--GENERAL INFORMATION
fixed length control field s1984 j 000 0 eng u
040 ## - CATALOGING SOURCE
Transcribing agency
100 1# - MAIN ENTRY--PERSONAL NAME
Personal name Baker, Pat.
245 10 - TITLE STATEMENT
Title I now pronounce you parent.
Statement of responsibility, etc What other books don't tell you about babies.
260 ## - PUBLICATION, DISTRIBUTION, ETC. (IMPRINT)
Place of publication, distribution, etc Grand Rapids, MI., :
Name of publisher, distributor, etc Baker Book House
Date of publication, distribution, etc c1984
300 ## - PHYSICAL DESCRIPTION
Extent 103 p. ;
Dimensions 22 cm.
650 ## - SUBJECT ADDED ENTRY--TOPICAL TERM
Topical term or geographic name as entry element Parent and Child
650 ## - SUBJECT ADDED ENTRY--TOPICAL TERM
Topical term or geographic name as entry element Parenting
942 ## - ADDED ENTRY ELEMENTS (KOHA)
Source of classification or shelving scheme
Koha item type Books
Copies
Current Location Date checked out Copy number Not for loan Source of classification or shelving scheme Date last seen Damaged status Lost status Total Checkouts Permanent Location Withdrawn status Koha item type Barcode Price effective from Full call number Shelving location Date acquired
RHEMA Bible Training College2012-03-271  2012-05-04  1RHEMA Bible Training College Books125242010-04-14HQ 755 .B3General Stacks2010-04-14